| 000 | 01263cam a22002655a 4500 | ||
|---|---|---|---|
| 001 | L145260 | ||
| 008 | 080919s2008 xxk f f 000 0 eng d | ||
| 020 | _a8389780526 | ||
| 035 | _a(Sirsi) u145260 | ||
| 041 | 0 | _aeng | |
| 050 | 0 | 4 | _a658.404 $2 18 |
| 100 | 1 | _aPeace, Sarah | |
| 245 | 0 | 0 | _aPartnering in construction |
| 260 |
_aSalford _bUniversity of Salford _c2008 |
||
| 300 |
_a85p. _bill. _c23cm. |
||
| 505 | 2 | _aPartnering the way forward -- Background to partnering -- What is partnering? -- Why choose partnering? -- Selecting firms for partnering -- Partnering in practice -- Partnering Skills -- Partnering teams | |
| 520 | _aIntroduces partnering in the construction industry and explains the fundamentals, benefits of partnering and a methodology for choosing firms to parter with. Also looks at the skills required for partnering and the management of partnership teams. | ||
| 520 | _aOne of seven titles in the Construction Managers' Library series, a set of manuals conveying all the information necessary to develop civil engineering skills in the field of construction management. | ||
| 521 | _aAdvanced | ||
| 590 | _aKA | ||
| 651 | 4 | _aEurope | |
| 651 | 4 |
_aUnited Kingdom _y |
|
| 690 |
_aConstruction management _96230 |
||
| 942 | _n0 | ||
| 999 |
_c108736 _d108736 |
||